| 000 | 00521nam a22001577a 4500 | ||
|---|---|---|---|
| 005 | 20120412122419.0 | ||
| 020 |
_a8189582143 _c695.00 |
||
| 035 | _aB-220760 | ||
| 037 |
_aDPL _bENG |
||
| 245 |
_aIntroduction to modern sociology / _cedited by Nirmala Sharma |
||
| 260 |
_aNew Delhi _bAlfa Publications _c2006 |
||
| 300 |
_av, 290p. _c20 cms. |
||
| 700 |
_aSharma, Nirmala _944986 |
||
| 942 |
_2ddc _cEN _h301 _mINT |
||
| 999 |
_c64908 _d64908 |
||